La Economía Ecuatoriana en el año 2000: coyuntura y tendencias con la dolarización
Al concluir el año 2000 y a 11 meses de la abrupta decisión gubernamental de institucionalizar la dolarización de la economía, como medida para enfrentar la aguda crisis económica, social y política del país el Instituto de Investigaciones Económicas y Políticas de, con el presente estudio cumple co...
Bewaard in:
| Formaat: | Texto |
|---|---|
| Onderwerpen: | |
| Tags: |
Voeg label toe
Geen labels, Wees de eerste die dit record labelt!
|
MARC
| LEADER | 00000 a a2200000 04500 | ||
|---|---|---|---|
| 001 | 34871 | ||
| 003 | |||
| 040 | |||
| 090 | |a 0001 U58d | ||
| 245 | |a La Economía Ecuatoriana en el año 2000: coyuntura y tendencias con la dolarización | ||
| 300 | |a 104 p. | ||
| 520 | |a Al concluir el año 2000 y a 11 meses de la abrupta decisión gubernamental de institucionalizar la dolarización de la economía, como medida para enfrentar la aguda crisis económica, social y política del país el Instituto de Investigaciones Económicas y Políticas de, con el presente estudio cumple con la necesidad de presentar a la comunidad un balance objetivo de la evaluación de la economía dolarizada, sus impactos más claros y sus más claras proyecciones | ||
| 650 | |a ECONOMIA | ||
| 650 | |a ASPECTOS SOCIALES | ||
| 650 | |a POLITICAS SOCIALES | ||
| 650 | |a ECUADOR | ||
| 650 | |a INDICADORES ECONOMICOS | ||
| 650 | |a INDICADORES SOCIALES | ||
| 999 | |c 10465 |d 10465 | ||
